All Subdivisions of Canada,United States, and Mexico - Statistics

General Stats
  • This quiz has been taken 27 times
  • The average score is 75 of 100
Answer Stats
Hint Answer % Correct
Canada British Columbia
95%
Canada Alberta
91%
Mexico Mexico City
91%
Canada Quebec
91%
Canada Yukon
91%
Usa Alabama
86%
Usa Alaska
86%
Usa Arizona
86%
Usa Arkansas
86%
Usa California
86%
Mexico Chihuahua
86%
Usa Colorado
86%
Usa Connecticut
86%
Usa Delaware
86%
Usa Florida
86%
Usa Idaho
86%
Usa Kentucky
86%
Usa Louisiana
86%
Usa Maine
86%
Usa Maryland
86%
Usa Michigan
86%
Usa Mississippi
86%
Canada Newfoundland and Labrador
86%
Usa New Hampshire
86%
Usa New Jersey
86%
Usa New Mexico
86%
Usa New York
86%
Usa North Carolina
86%
Usa North Dakota
86%
Canada Nunavut
86%
Canada Ontario
86%
Canada Saskatchewan
86%
Usa Washington D.C
86%
Mexico Baja California
82%
Usa Georgia
82%
Usa Hawaii
82%
Usa Illinois
82%
Usa Iowa
82%
Canada Manitoba
82%
Usa Massachusetts
82%
Usa Minnesota
82%
Usa Montana
82%
Usa Nevada
82%
Canada Nova Scotia
82%
Usa Ohio
82%
Usa Oregon
82%
Usa Pennsylvania
82%
Canada Prince Edward Island
82%
Usa South Carolina
82%
Usa South Dakota
82%
Usa Texas
82%
Usa Vermont
82%
Usa Virginia
82%
Usa Washington
82%
Usa West Virginia
82%
Usa Wyoming
82%
Mexico Yucatan
82%
Usa Indiana
77%
Usa Missouri
77%
Canada Northwest territories
77%
Mexico Oaxaca
77%
Usa Rhode Island
77%
Usa Tennessee
77%
Usa Utah
77%
Usa Wisconsin
77%
Mexico Chiapas
73%
Usa Kansas
73%
Usa Nebraska
73%
Canada New Brunswick
73%
Mexico Nuevo Leon
73%
Usa Puerto Rico
73%
Mexico Aguascalientes
68%
Usa Guam
68%
Mexico Jalisco
68%
Mexico Quintana Roo
68%
Mexico Tabasco
68%
Usa American Samoa
64%
Mexico Michoacan
64%
Mexico Puebla
64%
Mexico Sonora
64%
Usa US Virgin Islands
64%
Mexico Veracruz
64%
Mexico Baja California Sur
59%
Mexico Durango
59%
Mexico Hidalgo
59%
Mexico Nayarit
59%
Mexico Coahuila
55%
Usa Northern Mariana
55%
Mexico Sinaloa
55%
Mexico Zacatecas
55%
Mexico Campeche
50%
Mexico Colima
50%
Mexico Morelos
50%
Mexico Queretaro
50%
Mexico San Luis Potosi
50%
Mexico Tamaulipas
50%
Mexico Guerrero
45%
Mexico Tlaxcala
45%
Mexico Guanajuato
36%
Mexico State of Mexico
23%
No matching quizzes found
Score Distribution
Percent of People with Each Score
Percentile by Number Answered
Your Score History
You have not taken this quiz